Oeuvres choisies (Record no. 104952)

MARC details
000 -LEADER
campo de control de longitud fija 00889nam a2200253 i 4500
001 - NÚMERO DE CONTROL
campo de control 104952
003 - IDENTIFICADOR DE NÚMERO DE CONTROL
campo de control ES-MaACL
005 - FECHA Y HORA DE LA ÚLTIMA TRANSACCIÓN
campo de control 20250827231409.0
007 - CAMPO FIJO DE DESCRIPCIÓN FÍSICA--INFORMACIÓN GENERAL
campo de control de longitud fija t|
008 - DATOS DE LONGITUD FIJA--INFORMACIÓN GENERAL
campo de control de longitud fija 060531s1948 fr ||||1| fre d
080 ## - NÚMERO DE LA CLASIFICACIÓN DECIMAL UNIVERSAL
Número de la Clasificación Decimal Universal 165.72(38)
100 0# - ENTRADA PRINCIPAL--NOMBRE DE PERSONA
Nombre de persona Sexto Empírico.
9 (RLIN) 105957
245 10 - MENCIÓN DEL TÍTULO
Título Oeuvres choisies
Resto del título : Contre les physicines, Contre les moralistes, Hypotyposes pyrrhoniennes /
Mención de responsabilidad, etc. de Sextus Empiricus ; traduites par Jean Grenier et Geneviève Goron.
260 ## - PUBLICACIÓN, DISTRIBUCIÓN, ETC.
Lugar de publicación, distribución, etc. Aubier :
Nombre del editor, distribuidor, etc. Montaigne,
Fecha de publicación, distribución, etc. [1948]
300 ## - DESCRIPCIÓN FÍSICA
Extensión 348 p. ;
Dimensiones 19 cm.
490 1# - MENCIÓN DE SERIE
Mención de serie Bibliothèque philosophique
650 17 - PUNTO DE ACCESO ADICIONAL DE MATERIA--TÉRMINO DE MATERIA
Término de materia o nombre geográfico como elemento de entrada Escepticismo
Fuente del encabezamiento o término embne
9 (RLIN) 12353
650 04 - PUNTO DE ACCESO ADICIONAL DE MATERIA--TÉRMINO DE MATERIA
Término de materia o nombre geográfico como elemento de entrada Escépticos.
9 (RLIN) 12356
700 1# - ENTRADA AGREGADA--NOMBRE PERSONAL
Nombre de persona Grenier, Jean.
9 (RLIN) 59944
700 1# - ENTRADA AGREGADA--NOMBRE PERSONAL
Nombre de persona Goron, Geneviève.
9 (RLIN) 59205
830 0# - PUNTO DE ACCESO ADICIONAL DE SERIE-TÍTULO UNIFORME
Título uniforme Bibliothèque philosophique
9 (RLIN) 184873
852 ## - LOCALIZACIÓN
Ubicación ES-MaACL
Número de control de estantería E-11294
Nota libre . - Biblioteca Jacinto Martínez Lacalle
Holdings
Estatus retirado Estado de pérdida Estado de daño No para préstamo Biblioteca de origen Biblioteca actual Ubicación en estantería Fecha de adquisición Fuente de adquisición Total de préstamos Signatura topográfica completa Código de barras Visto por última vez Precio de reemplazo Tipo de ítem Koha
        Biblioteca del Ateneo de Madrid Biblioteca del Ateneo de Madrid Depósito 2 17/01/2008     E-11294 1109566 23/02/2023 23/02/2023 Libro impreso